00898cam a22002535a 45000010009000000050017000090080041000260200018000670400033000850820021001181000019001392450064001582500012002222600034002343000037002685040051003056500031003566500058003876510010004456530022004559420008004779990017004859520142005021767658620180509135909.0130328t2014 caua frb 001 0 eng d a9781452242569 aDLCbengcDLCdDLCdEG-ScBUE04222a300.722bYIN1 aYin, Robert K.10aCase study research :bdesign and methods /cRobert K. Yin. a5th ed. aLos Angeles :bSAGE,cc.2014. axxviii, 282 p. :bill. ;c24 cm. aIncludes bibliographical references and index. 7aCase method.2BUEsh934827 7aSocial sciencesxResearchxMethodology.2BUEsh920647 2BUEsh bHHUUEENNcMay2018 2ddc c26679d26651 00102ddc40708BaccahaMAINbMAINc1STd2018-05-09ePurchaseg370.00h21201l0o300.722 YINp000047729r2025-07-15 00:00:00v463.00yBB